[Event "Mästar Elit"]
[Site "Göteborg"]
[Date "2004.07.14"]
[Round "5"]
[White "Åström, Göran"]
[Black "Kinnmark, Ove"]
[Result "1/2-1/2"]
[WhiteElo "2331"]
[BlackElo "2340"]
[Annotator ""]

1.e4 e5 2.Nf3 Nc6 3.Bb5 a6 4.Ba4 Nf6 5.O-O Be7 6.Re1 b5 7.Bb3
d6 8.c3 O-O 9.h3 h6 10.d4 Re8 11.Nbd2 Bf8 12.Bc2 Bb7 13.Nf1 exd4
14.cxd4 Nb4 15.Ng3 Nxc2 16.Qxc2 d5 17.e5 Ne4 18.Be3 Rc8 19.Rad1
Re6 20.Qb1 Rg6 21.Kh2 a5 22.Ne2 a4 23.Nf4 1/2-1/2

[Event "Mästar Elit"]
[Site "Göteborg"]
[Date "2004.07.15"]
[Round "6"]
[White "Eriksson, Anders"]
[Black "Johansson, Gunnar"]
[Result "1/2-1/2"]
[WhiteElo "2317"]
[BlackElo "2242"]
[Annotator ""]

1.c4 c6 2.g3 d5 3.Bg2 dxc4 4.Na3 g6 5.Nxc4 Bg7 6.Nf3 Nf6 7.O-O
O-O 8.d3 Be6 9.Ng5 Bc8 10.d4 h6 11.Nf3 Be6 12.Ncd2 Qc8 13.Re1
c5 14.Nb3 cxd4 15.Nfxd4 Bh3 16.Bh1 e5 17.Nb5 Rd8 18.Bd2 Qd7 19.Ba5
Qxd1 20.Rexd1 Rxd1+ 21.Rxd1 Nc6 22.Bc3 Bf8 23.Rd2 Ne8 24.Na5
Nxa5 25.Bxa5 a6 26.Nc3 Rb8 27.Rd8 Rxd8 28.Bxd8 Bc8 29.Nd5 Be6
30.a3 f5 31.Nc7 Nxc7 32.Bxc7 e4 33.Be5 Kf7 1/2-1/2

[Event "Mästar Elit"]
[Site "Göteborg"]
[Date "2004.07.15"]
[Round "6"]
[White "Hultin, Johan"]
[Black "Åström, Göran"]
[Result "1/2-1/2"]
[WhiteElo "2295"]
[BlackElo "2331"]
[Annotator ""]

1.d4 Nf6 2.c4 e6 3.Nf3 b6 4.a3 Bb7 5.Nc3 d5 6.cxd5 Nxd5 7.e3
g6 8.Bb5+ c6 9.Bc4 Bg7 10.O-O O-O 11.e4 Nxc3 12.bxc3 c5 13.Re1
Nc6 14.Bb2 Rc8 15.Ba2 Na5 16.h4 cxd4 17.cxd4 Nc4 18.Bxc4 Rxc4
19.Rc1 Qc7 20.Qd2 Rxc1 21.Rxc1 Qd6 22.d5 Bxb2 23.Qxb2 exd5 24.e5
Qe7 25.Qd4 Rc8 26.Re1 Rc4 27.Qd2 Re4 28.Rc1 d4 29.Qh6 f5 30.g3
Re2 31.Kf1 Ba6 32.Kg2 Bb7 33.Kf1 Ba6 34.Kg1 Bb7 35.Kf1 1/2-1/2

[Event "Mästar Elit"]
[Site "Göteborg"]
[Date "2004.07.15"]
[Round "6"]
[White "Karlsson, Tomas"]
[Black "Andreasson, Ingvar"]
[Result "1/2-1/2"]
[WhiteElo "2252"]
[BlackElo "2326"]
[Annotator ""]

1.e4 g6 2.d4 Bg7 3.Nc3 d6 4.f4 Nf6 5.Nf3 O-O 6.Bd3 Na6 7.O-O
c5 8.d5 Bg4 9.Bc4 Rb8 10.h3 Bxf3 11.Qxf3 Nd7 12.Qe2 1/2-1/2

[Event "Mästar Elit"]
[Site "Göteborg"]
[Date "2004.07.15"]
[Round "6"]
[White "Kinnmark, Ove"]
[Black "Tikkanen, Hans"]
[Result "1/2-1/2"]
[WhiteElo "2340"]
[BlackElo "2354"]
[Annotator ""]

1.e4 g6 2.d4 Bg7 3.c3 d5 4.e5 c5 5.h3 Nc6 6.Nf3 Qb6 7.dxc5 Qxc5
8.Bf4 Qb6 9.Qd2 Bf5 10.Be2 f6 11.Be3 Qa5 12.exf6 Nxf6 13.O-O
e5 14.Na3 a6 15.Rfd1 Rd8 16.Qc1 Qc7 17.b4 O-O 18.b5 axb5 19.Nxb5
Qa5 20.Bc5 Rfe8 21.Qe3 Rd7 22.a4 Qd8 23.Bb6 Qe7 24.Bc5 Qd8 25.Bb6
Qe7 26.Bc5 Qd8 27.Bb6 Qe7 1/2-1/2

[Event "Mästar Elit"]
[Site "Göteborg"]
[Date "2004.07.15"]
[Round "6"]
[White "Palmblad, Jan Peter"]
[Black "Edlund, Robin"]
[Result "1/2-1/2"]
[WhiteElo "2160"]
[BlackElo "2237"]
[Annotator ""]

1.e4 c5 2.Nf3 Nc6 3.d4 cxd4 4.Nxd4 e5 5.Nb5 d6 6.N1c3 Nf6 7.Bg5
a6 8.Na3 b5 9.Bxf6 gxf6 10.Nd5 Bg7 11.Bd3 Ne7 12.Nxe7 Qxe7 13.O-O
O-O 14.c3 f5 15.Nc2 Rb8 16.Qh5 fxe4 17.Bxe4 f5 18.Bd5+ Kh8 19.f4
a5 20.a3 Bd7 21.Rae1 Rbc8 22.Kh1 Rc5 23.Qd1 Be6 24.Bxe6 Qxe6
25.Nd4 Qh6 26.fxe5 Bxe5 27.Nf3 Qf6 28.Qd3 Rc4 29.Qd5 Rc5 30.Qd3
Rc4 31.Qd5 Rc5 32.Qb7 Rg8 33.Re2 a4 34.Qd7 Rd8 35.Qb7 Rg8 36.Qd7
Rd8 37.Qa7 Rdc8 38.Rd1 R8c7 39.Qa8+ Rc8 40.Qb7 R8c7 41.Qb6 R7c6
42.Qa5 Rc8 43.Qb4 R8c7 44.Rde1 Rc8 45.Rf1 R8c7 46.Rd1 Rc8 47.Kg1
Qg7 48.Nxe5 dxe5 49.Rd8+ Rxd8 50.Qxc5 e4 51.Qxf5 Qa7+ 52.Kf1
Rd1+ 53.Re1 Rxe1+ 54.Kxe1 Qe3+ 55.Kd1 Qd3+ 56.Kc1 Qe3+ 57.Kb1
Qd3+ 58.Ka2 Kg7 59.h4 Qc4+ 60.Ka1 Qd3 61.h5 Qd1+ 62.Ka2 Qb3+
63.Kb1 Qd1+ 1/2-1/2

[Event "Mästar Elit"]
[Site "Göteborg"]
[Date "2004.07.15"]
[Round "6"]
[White "Rylander, Dennis"]
[Black "Ask, Josef"]
[Result "1-0"]
[WhiteElo "2325"]
[BlackElo "2183"]
[Annotator ""]

1.d4 e6 2.c4 f5 3.g3 Nf6 4.Bg2 Be7 5.Nf3 O-O 6.O-O d6 7.Nc3 Ne4
8.Nxe4 fxe4 9.Ne1 d5 10.Qb3 Nc6 11.cxd5 Nxd4 12.Qe3 e5 13.Bxe4
Bh3 14.Ng2 Qe8 15.Qd3 Qh5 16.Re1 Bd7 17.Be3 Bb5 18.Qd2 Nxe2+
19.Kh1 a5 20.d6 1-0

[Event "Mästar Elit"]
[Site "Göteborg"]
[Date "2004.07.16"]
[Round "7"]
[White "Andreasson, Ingvar"]
[Black "Palmblad, Jan Peter"]
[Result "1-0"]
[WhiteElo "2326"]
[BlackElo "2160"]
[Annotator ""]

1.b3 e5 2.Bb2 Nc6 3.c4 g6 4.Nf3 Bg7 5.e3 Nge7 6.d4 exd4 7.Nxd4
O-O 8.Be2 Nxd4 9.Bxd4 Nc6 10.Bxg7 Kxg7 11.Nc3 d6 12.O-O Qg5 13.Kh1
Bd7 14.f4 Qc5 15.Qd2 Rae8 16.Nd5 Ne7 17.b4 Qc6 18.Nc3 Qb6 19.a3
Bc6 20.e4 Ng8 21.b5 Bxe4 22.Na4 Qe3 23.Qxe3 Bxg2+ 24.Kxg2 Rxe3
25.Bf3 b6 26.Kf2 Rfe8 27.Rfe1 Rxe1 28.Rxe1 Rxe1 29.Kxe1 f5 30.Nc3
Ne7 31.Kf2 h6 32.h4 Kf6 33.Ke3 g5 34.h5 g4 35.Nd5+ Nxd5+ 36.Bxd5
Ke7 37.Kd4 Kf6 38.Bh1 Ke6 39.a4 Ke7 40.Kd5 Kd7 41.Bg2 1-0

[Event "Mästar Elit"]
[Site "Göteborg"]
[Date "2004.07.16"]
[Round "7"]
[White "Ask, Josef"]
[Black "Kinnmark, Ove"]
[Result "1/2-1/2"]
[WhiteElo "2183"]
[BlackElo "2340"]
[Annotator ""]

1.c4 e5 2.g3 Nf6 3.d4 exd4 4.Qxd4 Nc6 5.Qe3+ Be7 6.Bg2 d5 7.cxd5
Nxd5 8.Qe4 Be6 9.Nc3 Nxc3 10.bxc3 Bf6 11.Bb2 O-O 12.Nf3 Re8 13.Qf4
Bd5 14.O-O-O Rxe2 15.Ng1 Re1 16.Nh3 Rxd1+ 17.Rxd1 Bxg2 18.Rxd8+
Rxd8 19.Ng1 Ne5 20.Kc2 c5 21.Ne2 Bf1 22.Nc1 c4 23.Ba3 Nd3 24.Qc7
h6 25.Be7 Ne1+ 26.Kb2 Rd2+ 27.Ka3 Bxc3 28.Qc8+ Kh7 29.Qf5+ Kg8
30.Qc8+ Kh7 31.Qf5+ Kg8 32.Qc8+ Kh7 33.Qf5+ 1/2-1/2

[Event "Mästar Elit"]
[Site "Göteborg"]
[Date "2004.07.16"]
[Round "7"]
[White "Johansson, Gunnar"]
[Black "Rylander, Dennis"]
[Result "1/2-1/2"]
[WhiteElo "2242"]
[BlackElo "2325"]
[Annotator ""]

1.e4 e6 2.d4 d5 3.Nd2 Nf6 4.e5 Nfd7 5.c3 c5 6.Bd3 Nc6 7.Ne2 cxd4
8.cxd4 f6 9.exf6 Qxf6 10.Nf3 h6 11.O-O Bd6 12.Bc2 O-O 13.Qd3
Rd8 14.Qh7+ Kf7 15.Ng3 Nf8 16.Qh8 Ng6 17.Qh7 Nf8 18.Qh8 Ng6 1/2-1/2

[Event "Mästar Elit"]
[Site "Göteborg"]
[Date "2004.07.16"]
[Round "7"]
[White "Malmstig, Erik"]
[Black "Karlsson, Tomas"]
[Result "1-0"]
[WhiteElo "2250"]
[BlackElo "2252"]
[Annotator ""]

1.d4 Nf6 2.Bg5 e6 3.e4 Be7 4.e5 Nd5 5.Bd2 d6 6.Qg4 Bf8 7.Nf3
dxe5 8.dxe5 Nc6 9.a3 f5 10.exf6 Nxf6 11.Qh4 Be7 12.Bd3 Qd5 13.Bg6+
Kf8 14.Nc3 Qd8 15.O-O-O Kg8 16.Bd3 Nd5 17.Qe4 Bf6 18.Bc4 Nce7
19.Qe2 c6 20.Ne4 Ng6 21.h4 Qc7 22.h5 Ngf4 23.Qf1 Nb6 24.Bb3 Nfd5
25.c4 Ne7 26.h6 Nd7 27.Qe2 Qb6 28.Nxf6+ Nxf6 29.Bc2 gxh6 30.Bc3
Kg7 31.Bxf6+ Kxf6 32.Qe5+ Kf7 33.Qxh8 1-0

[Event "Mästar Elit"]
[Site "Göteborg"]
[Date "2004.07.16"]
[Round "7"]
[White "Tikkanen, Hans"]
[Black "Hultin, Johan"]
[Result "1-0"]
[WhiteElo "2354"]
[BlackElo "2295"]
[Annotator ""]

1.d4 Nf6 2.c4 e6 3.Nf3 Bb4+ 4.Bd2 Qe7 5.e3 b6 6.Bd3 Bb7 7.Qc2
Bxd2+ 8.Nbxd2 c5 9.e4 d6 10.e5 Nfd7 11.Ne4 dxe5 12.dxe5 O-O 13.Neg5
g6 14.h4 Nc6 15.Qc3 Nd4 16.Rh3 Bxf3 17.Nxf3 Nxf3+ 18.gxf3 Rfd8
19.O-O-O Nf8 20.f4 Rd4 21.h5 Rxf4 22.hxg6 fxg6 23.Rg1 Rd8 24.f3
Qd7 25.Be4 Qd4 26.Qxd4 Rxd4 27.b3 Rd7 28.Rhg3 Rh4 29.R3g2 Rd4
30.Rd1 Rxd1+ 31.Kxd1 Nd7 32.Rd2 Nxe5 33.Rd8+ Kf7 34.Ra8 Rh1+
35.Kc2 Rh2+ 36.Kb1 Kf6 37.Rxa7 Nf7 38.Ra6 Ng5 39.Bb7 Nh3 40.Rxb6
Nf4 41.a4 Ke5 42.a5 Kd4 43.a6 Ne2 44.a7 Nc3+ 45.Kc1 Ne2+ 46.Kd1
Kd3 47.Be4+ Ke3 48.a8Q 1-0

[Event "Mästar Elit"]
[Site "Göteborg"]
[Date "2004.07.16"]
[Round "7"]
[White "Åström, Göran"]
[Black "Nygren, Kim"]
[Result "1/2-1/2"]
[WhiteElo "2331"]
[BlackElo "2249"]
[Annotator ""]

1.e4 e5 2.Nf3 Nc6 3.Bb5 a6 4.Ba4 Nf6 5.O-O Be7 6.Re1 b5 7.Bb3
d6 8.c3 O-O 9.h3 Be6 10.d4 Bxb3 11.axb3 exd4 12.cxd4 Nb4 13.d5
Nd7 14.Nc3 Bf6 15.Be3 Re8 16.Bd4 Bxd4 17.Nxd4 Nc5 18.Re3 Qd7
19.f3 Rab8 20.Nc2 Nxc2 21.Qxc2 b4 22.Ne2 f5 23.Nd4 f4 24.Re2
Qf7 25.Nc6 Rb6 26.Qc4 Nxb3 27.Qxb3 Rxc6 28.Qxb4 Rc5 29.Rxa6 Rc1+
30.Re1 Rxe1+ 31.Qxe1 Qxd5 32.Qc1 Qb5 33.Rc6 Re7 34.Kh2 Qg5 35.Rxc7
Rxc7 1/2-1/2

[Event "Mästar Elit"]
[Site "Göteborg"]
[Date "2004.07.18"]
[Round "8"]
[White "Eriksson, Anders"]
[Black "Andreasson, Ingvar"]
[Result "0-1"]
[WhiteElo "2317"]
[BlackElo "2326"]
[Annotator ""]

1.Nf3 b6 2.c4 e6 3.Nc3 Bb7 4.g3 c5 5.Bg2 Nf6 6.O-O Be7 7.Re1
Ne4 8.Nxe4 Bxe4 9.d3 Bb7 10.e4 O-O 11.d4 cxd4 12.Nxd4 d6 13.Qg4
Nd7 14.b3 Bf6 15.Bb2 a6 16.Qe2 Qc7 17.Rac1 Rac8 18.Rc2 Qb8 19.Rd2
Nc5 20.Qd1 Qa8 21.Qb1 Rfe8 22.Rde2 Be7 23.Ba1 Bf8 24.a4 e5 25.Nf5
g6 26.Nh4 Be7 27.Nf3 Bc6 28.Nd2 Qb7 29.Nf1 f5 30.Nd2 Rf8 31.Bh3
Rce8 32.exf5 Qc8 33.b4 Nxa4 34.f4 gxf5 35.fxe5 d5 36.Rf2 dxc4
37.Nxc4 Ba8 38.Bxf5 Qxc4 39.Bxh7+ Kh8 40.e6+ Nc3 41.Ref1 Rxf2
42.Rxf2 Rc8 43.Qg6 Qd4 44.Bxc3 Qxc3 45.Qf7 Qe1+ 46.Rf1 Qe3+ 0-1

[Event "Mästar Elit"]
[Site "Göteborg"]
[Date "2004.07.18"]
[Round "8"]
[White "Hultin, Johan"]
[Black "Ask, Josef"]
[Result "0-1"]
[WhiteElo "2295"]
[BlackElo "2183"]
[Annotator ""]

1.Nf3 e6 2.c4 f5 3.g3 Nf6 4.Bg2 Be7 5.O-O O-O 6.Nc3 d6 7.d3 Nc6
8.Rb1 Qe8 9.b4 Qh5 10.b5 Nd8 11.e3 g5 12.Nd4 Qg6 13.f4 e5 14.Nf3
Nf7 15.Rb2 h6 16.Rc2 Bd7 17.d4 e4 18.Nd2 h5 19.d5 h4 20.gxh4
gxf4 21.exf4 Ng4 22.h5 Qxh5 23.h3 Nf6 24.Bb2 Qh4 25.Qe1 Nh5 26.Qxh4
Bxh4 27.Ne2 a6 28.a4 axb5 29.axb5 Ra2 30.Nb3 b6 31.Ra1 Rfa8 32.Rxa2
Rxa2 33.Nc3 Ra8 34.Bc1 Nh8 35.Nd4 Ng6 36.Nde2 Kf7 37.Ra2 Rxa2
38.Nxa2 Ke7 39.Nb4 Bf6 40.Kf2 Bg7 41.Nc6+ Ke8 42.h4 Nxh4 43.Ng3
Nxg3 44.Kxg3 Nxg2 45.Kxg2 Bxc6 46.bxc6 Bd4 47.Bd2 Kd8 48.Be1
Bf6 49.Kf1 Kc8 50.Ke2 Kb8 51.Kd1 Ka7 52.Kc2 Ka6 53.Kb3 Bd4 54.Ka4
Be3 0-1

[Event "Mästar Elit"]
[Site "Göteborg"]
[Date "2004.07.18"]
[Round "8"]
[White "Kinnmark, Ove"]
[Black "Johansson, Gunnar"]
[Result "1-0"]
[WhiteElo "2340"]
[BlackElo "2242"]
[Annotator ""]

1.e4 c5 2.Nf3 d6 3.c3 Nf6 4.Be2 Bd7 5.d3 Nc6 6.O-O g6 7.Nbd2
Bg7 8.d4 cxd4 9.cxd4 O-O 10.h3 Rc8 11.a3 d5 12.e5 Ne4 13.Bd3
Nxd2 14.Bxd2 Qb6 15.Bc3 Na5 16.Qe2 a6 17.a4 Nc6 18.Rfe1 a5 19.Bb5
e6 20.Qd2 Ra8 21.Nh2 Qd8 22.Ng4 b6 23.Qf4 g5 24.Qf3 Kh8 25.Nf6
Nb8 26.Bd3 h6 27.Bc2 Bxf6 28.Qd3 1-0

[Event "Mästar Elit"]
[Site "Göteborg"]
[Date "2004.07.18"]
[Round "8"]
[White "Nygren, Kim"]
[Black "Karlsson, Tomas"]
[Result "1/2-1/2"]
[WhiteElo "2249"]
[BlackElo "2252"]
[Annotator ""]

1.d4 Nf6 2.c4 g6 3.Nc3 d5 4.cxd5 Nxd5 5.e4 Nxc3 6.bxc3 Bg7 7.Bc4
O-O 8.Ne2 c5 9.Be3 Nc6 10.O-O Qc7 11.Rc1 Rd8 12.Qc2 Na5 13.Qa4
Bd7 14.Bb5 Bxb5 15.Qxb5 a6 16.Qd3 b5 17.f4 Nc4 18.f5 cxd4 19.cxd4
Qd7 20.d5 Nxe3 21.Qxe3 Qa7 1/2-1/2

[Event "Mästar Elit"]
[Site "Göteborg"]
[Date "2004.07.18"]
[Round "8"]
[White "Palmblad, Jan Peter"]
[Black "Malmstig, Erik"]
[Result "0-1"]
[WhiteElo "2160"]
[BlackElo "2250"]
[Annotator ""]

1.e4 d6 2.d4 Nf6 3.Nc3 g6 4.f4 Bg7 5.Nf3 O-O 6.Bd3 Na6 7.e5 Nd7
8.O-O c5 9.Ne4 cxd4 10.e6 fxe6 11.Nfg5 Nf6 12.Nxf6+ Rxf6 13.Nxh7
Kxh7 14.Qh5+ Kg8 15.Bxg6 Bd7 16.f5 exf5 17.Qh7+ Kf8 18.Bh6 Rxg6
19.Qxg6 Bxh6 20.Qxh6+ Kf7 21.Qh7+ Kf6 22.Rae1 e5 23.Re4 Nc5 24.Rh4
Ke6 25.Rxd4 Qf6 26.Rh4 Kd5 27.b4 Rd8 28.bxc5 Kxc5 29.Rh3 e4 30.Rb3
Kc6 31.Rd1 Rh8 32.Qxh8 Qxh8 33.Rb4 d5 34.Rbd4 Be6 35.c4 Bf7 36.cxd5+
Kd6 37.Rb4 Qc8 38.Rbd4 b5 39.Kf2 Qc5 40.Kg3 Qc3+ 41.Kf4 Qc2 42.R1d2
Qc3 43.Kxf5 Qe3 44.h4 Bh5 0-1

[Event "Mästar Elit"]
[Site "Göteborg"]
[Date "2004.07.18"]
[Round "8"]
[White "Rylander, Dennis"]
[Black "Edlund, Robin"]
[Result "0-1"]
[WhiteElo "2325"]
[BlackElo "2237"]
[Annotator ""]

1.d4 f5 2.g3 Nf6 3.Bg2 g6 4.Nf3 Bg7 5.O-O O-O 6.c4 d6 7.Nc3 Qe8
8.b3 e5 9.dxe5 dxe5 10.Ba3 Rf7 11.Ng5 Rd7 12.Qe1 h6 13.Nh3 Nc6
14.Rc1 g5 15.f3 g4 16.fxg4 Nxg4 17.Rxf5 Nd4 18.Rf1 Ne3 19.Qf2
Nxf1 20.Rxf1 Rf7 21.Qxf7+ Qxf7 22.Rxf7 Kxf7 23.Bd5+ Ke8 24.Nf2
Bf8 25.Bb2 c6 26.Be4 Bb4 27.Kf1 Be6 28.Nd3 Bd6 29.e3 Bh3+ 30.Ke1
Nc2+ 31.Kd2 Nb4 32.Nf2 Be6 33.Bg6+ Bf7 34.Bf5 Rd8 35.Ke2 Bf8
36.g4 a5 37.a3 Na6 38.Nfe4 Nc5 39.Nxc5 Bxc5 40.Ne4 Be7 41.a4
b5 42.axb5 cxb5 43.cxb5 Bxb3 44.b6 Rb8 45.Bxe5 Rxb6 46.Bd4 Rc6
47.Nd2 Bc2 48.e4 a4 49.Nf3 a3 50.h4 a2 51.g5 hxg5 52.hxg5 Bb3
53.Bd7+ Kxd7 54.Ne5+ Kc7 55.Nxc6 Kxc6 56.g6 Kb5 57.Kd3 Ka4 58.Bb2
Ba3 59.Ba1 Bc1 60.Bf6 Ka3 61.Be7+ Kb2 0-1

[Event "Mästar Elit"]
[Site "Göteborg"]
[Date "2004.07.18"]
[Round "8"]
[White "Åström, Göran"]
[Black "Tikkanen, Hans"]
[Result "1-0"]
[WhiteElo "2331"]
[BlackElo "2354"]
[Annotator ""]

1.e4 g6 2.d4 Bg7 3.Nc3 d6 4.Be3 a6 5.Qd2 b5 6.a4 b4 7.Nd1 a5
8.c3 bxc3 9.bxc3 c6 10.f3 h6 11.Bd3 Ba6 12.Ne2 Bxd3 13.Qxd3 Nf6
14.O-O O-O 15.Rb1 Nbd7 16.c4 e6 17.Qc2 Qc7 18.Nf2 e5 19.Nd3 Rfe8
20.dxe5 dxe5 21.Rb3 Bf8 22.Rfb1 Reb8 23.c5 h5 24.Rxb8 Nxb8 25.Qb2
Na6 26.Qc3 Nd7 27.Nec1 Qa7 28.Nb3 Nb4 29.Nxe5 Bg7 30.Bd4 Nxe5
31.Bxe5 Bxe5 32.Qxe5 Qa6 33.Qc3 Rb8 34.h3 Nd3 35.Rd1 Nf4 36.Qe5
Ne2+ 37.Kh2 Rc8 38.Nd4 Nxd4 39.Rxd4 Qe2 40.Rd7 Qc4 41.Rd4 Qa2
42.f4 Qf2 43.Rd3 h4 44.f5 g5 45.Rf3 Qd2 46.f6 Kh8 47.Qf5 Rb8
48.Qg4 Rb1 49.Qh5+ Kg8 50.Qh6 1-0

[Event "Mästar Elit"]
[Site "Göteborg"]
[Date "2004.07.19"]
[Round "9"]
[White "Andreasson, Ingvar"]
[Black "Rylander, Dennis"]
[Result "1-0"]
[WhiteElo "2326"]
[BlackElo "2325"]
[Annotator ""]

1.g3 d5 2.Bg2 Nf6 3.c4 c6 4.Qb3 dxc4 5.Qxc4 e5 6.Nf3 Bd6 7.O-O
Be6 8.Qc2 O-O 9.Nc3 Nbd7 10.d4 h6 11.Rd1 Qe7 12.h3 Rfe8 13.e4
exd4 14.Nxd4 Rad8 15.Be3 Nb6 16.f4 Nh5 17.Nxe6 Qxe6 18.e5 Bc7
19.Bf2 Rxd1+ 20.Rxd1 g6 21.b3 Rd8 22.Rxd8+ Bxd8 23.Ne4 Nc8 24.Qd2
Qe7 25.Kh2 Bb6 26.Bxb6 axb6 27.Bf3 Ng7 28.Nf6+ Kh8 29.Bg4 Ne6
30.h4 Kg7 31.h5 c5 32.hxg6 fxg6 33.Qd5 Kf7 34.Ng8 Qe8 35.Nxh6+
Kg7 36.Qxe6 Ne7 37.f5 Kxh6 38.f6 Qd8 39.Qd7 Qxd7 40.Bxd7 Nd5
41.e6 1-0

[Event "Mästar Elit"]
[Site "Göteborg"]
[Date "2004.07.19"]
[Round "9"]
[White "Ask, Josef"]
[Black "Åström, Göran"]
[Result "1/2-1/2"]
[WhiteElo "2183"]
[BlackElo "2331"]
[Annotator ""]

1.c4 Nf6 2.g3 e5 3.Bg2 c6 4.d4 Bb4+ 5.Bd2 Bxd2+ 6.Qxd2 d6 7.e3
O-O 8.Ne2 Qe7 9.Nbc3 Re8 10.h3 h5 11.e4 Nbd7 12.O-O-O a6 13.d5
cxd5 14.cxd5 b5 15.f3 Nc5 16.Rde1 b4 17.Nd1 a5 18.Nf2 Ba6 19.Kb1
Rec8 1/2-1/2

[Event "Mästar Elit"]
[Site "Göteborg"]
[Date "2004.07.19"]
[Round "9"]
[White "Edlund, Robin"]
[Black "Kinnmark, Ove"]
[Result "1/2-1/2"]
[WhiteElo "2237"]
[BlackElo "2340"]
[Annotator ""]

1.e4 e5 2.f4 exf4 3.Nf3 d5 4.exd5 Nf6 5.c4 b5 6.Nc3 bxc4 7.Bxc4
Bd6 8.Qe2+ Qe7 9.Qxe7+ Kxe7 10.d4 Nbd7 11.O-O Nb6 12.Re1+ Kf8
13.Bb3 Bb7 14.Ne5 g5 15.g3 Rg8 16.Bd2 Nbxd5 17.Nxd5 Bxd5 18.Bxd5
Nxd5 19.gxf4 gxf4+ 20.Kf2 f6 21.Nd3 Rg4 22.Kf3 Rh4 23.Nf2 Kf7
24.Rg1 Rb8 25.b3 Re8 26.Rac1 Rxh2 27.Rh1 Rxh1 28.Rxh1 Kg6 29.Nd3
h5 30.Bxf4 Bxf4 31.Nxf4+ Nxf4 32.Kxf4 Re2 33.Rg1+ Kh6 34.Rc1
Rxa2 35.Rxc7 h4 36.Kg4 Rd2 37.Kxh4 Rxd4+ 38.Kg3 a5 39.Rc5 a4
40.bxa4 Rxa4 41.Kf3 Kg6 42.Rb5 Ra1 43.Rb3 Kg5 44.Rb5+ f5 45.Rb3
Rf1+ 46.Kg2 Rf4 47.Kg3 Rg4+ 48.Kf2 Rh4 49.Ra3 Rh2+ 50.Kg1 Rb2
51.Kf1 Kg4 52.Rc3 f4 53.Ra3 Rh2 54.Rb3 Rh1+ 55.Kf2 Rh2+ 56.Kf1
Rc2 57.Ra3 Rd2 58.Rb3 Rd4 59.Ra3 Rb4 60.Rc3 f3 61.Rc8 Re4 62.Kf2
Re2+ 63.Kf1 Re5 64.Kf2 Re2+ 65.Kf1 Re4 66.Kf2 Re2+ 67.Kf1 Re4
68.Kf2 1/2-1/2

[Event "Mästar Elit"]
[Site "Göteborg"]
[Date "2004.07.19"]
[Round "9"]
[White "Johansson, Gunnar"]
[Black "Hultin, Johan"]
[Result "1/2-1/2"]
[WhiteElo "2242"]
[BlackElo "2295"]
[Annotator ""]

1.e4 c5 2.c3 d5 3.exd5 Qxd5 4.d4 Nf6 5.Nf3 e6 6.Be3 cxd4 7.cxd4
Be7 8.Nc3 Qa5 9.Bd3 O-O 10.O-O Nc6 11.a3 Rd8 12.Qc2 Bd7 13.Rad1
Be8 14.Rfe1 Rac8 15.h3 a6 16.Qe2 Qh5 1/2-1/2

[Event "Mästar Elit"]
[Site "Göteborg"]
[Date "2004.07.19"]
[Round "9"]
[White "Karlsson, Tomas"]
[Black "Palmblad, Jan Peter"]
[Result "1/2-1/2"]
[WhiteElo "2252"]
[BlackElo "2160"]
[Annotator ""]

1.e4 e5 2.Nf3 Nf6 3.Nxe5 d6 4.Nf3 Nxe4 5.d4 d5 6.Bd3 Bd6 7.O-O
O-O 8.c4 c6 9.Nc3 Nxc3 10.bxc3 Bg4 11.c5 Bc7 12.Bc2 Bh5 13.Qd3
Bg6 14.Qd2 Bxc2 15.Qxc2 b6 16.Ng5 g6 17.cxb6 axb6 18.Nf3 Re8
19.Bg5 f6 20.Be3 Qd6 21.g3 Qe6 22.Rfe1 Qf7 23.Qd2 Re4 24.Qd3
Ra3 25.Bc1 Rxe1+ 26.Nxe1 Ra4 27.Qc2 b5 28.Nd3 Ba5 29.Nb2 Ra3
30.Nd1 Ra4 31.Nb2 Ra3 32.Nd1 Ra4 1/2-1/2

[Event "Mästar Elit"]
[Site "Göteborg"]
[Date "2004.07.19"]
[Round "9"]
[White "Malmstig, Erik"]
[Black "Eriksson, Anders"]
[Result "1-0"]
[WhiteElo "2250"]
[BlackElo "2317"]
[Annotator ""]

1.d4 Nf6 2.c4 e6 3.Nc3 Bb4 4.e3 c5 5.Bd3 d5 6.cxd5 Nxd5 7.Nge2
cxd4 8.exd4 Nc6 9.O-O O-O 10.a3 Be7 11.Bc2 b6 12.Qd3 Nf6 13.Bg5
g6 14.Rad1 Bb7 15.Rfe1 Re8 16.Qh3 Nd5 17.Bh6 Bf8 18.Ne4 Bxh6
19.Qxh6 Qe7 20.Nf4 Nf6 21.Nxf6+ Qxf6 22.Nh5 Qh8 23.Be4 Na5 24.Qg5
Red8 25.Nf6+ Kg7 26.Qe5 Bxe4 27.Nxe4+ Kg8 28.Nf6+ Kf8 29.d5 Nc4
30.Qf4 exd5 31.Nxd5 Nxb2 32.Qb4+ Kg8 33.Ne7+ 1-0

[Event "Mästar Elit"]
[Site "Göteborg"]
[Date "2004.07.19"]
[Round "9"]
[White "Tikkanen, Hans"]
[Black "Nygren, Kim"]
[Result "1-0"]
[WhiteElo "2354"]
[BlackElo "2249"]
[Annotator ""]

1.d4 Nf6 2.c4 g6 3.Nc3 Bg7 4.e4 d6 5.h3 O-O 6.Be3 Nbd7 7.Nf3
e5 8.d5 a5 9.Be2 Nh5 10.g3 Nc5 11.Nd2 Nf6 12.g4 Ne8 13.g5 f5
14.h4 f4 15.Bxc5 dxc5 16.Bg4 Nd6 17.Bxc8 Qxc8 18.Qf3 a4 19.Ke2
b6 20.b3 axb3 21.axb3 Qd7 22.Kd3 b5 23.Rxa8 Rxa8 24.Qh3 Qxh3+
25.Rxh3 b4 26.Nb5 Ne8 27.Kc2 Ra2+ 28.Kc1 Bf8 29.Rd3 Bd6 30.Kb1
Ra8 31.Nf3 Kf7 32.Rd2 Ke7 33.Ra2 Rxa2 34.Kxa2 Nf6 35.gxf6+ Kxf6
36.Kb2 h6 37.Kc2 g5 38.hxg5+ hxg5 39.Nh2 Kg6 40.f3 Kh5 41.Kd3
Kh4 42.Ke2 Kg3 43.Ng4 Kg2 44.Na7 1-0

[Event "Mästar Elit"]
[Site "Göteborg"]
[Date "2004.07.20"]
[Round "10"]
[White "Eriksson, Anders"]
[Black "Karlsson, Tomas"]
[Result "1/2-1/2"]
[WhiteElo "2317"]
[BlackElo "2252"]
[Annotator ""]

1.Nf3 Nf6 2.c4 g6 3.g3 Bg7 4.Bg2 c6 5.d3 d5 6.Nbd2 O-O 7.O-O
Re8 8.e4 dxe4 9.dxe4 c5 10.Qe2 e5 11.a3 Nc6 12.Rb1 a5 13.Rd1
Qe7 14.b3 Bg4 15.h3 Nd4 16.Qe3 Bd7 17.Nxd4 exd4 18.Qd3 Bc6 19.Re1
Bh6 20.Re2 Nd7 21.f4 f6 22.Nf1 g5 23.Bd2 Kh8 24.Rbe1 Qg7 25.Nh2
Qg6 26.Ng4 gxf4 27.gxf4 Bg7 28.Kh1 h5 29.Nh2 Bh6 30.Rg1 Rg8 31.Nf3
Rae8 32.Nh4 Qh7 33.Nf5 b6 34.Bf3 Rxg1+ 35.Kxg1 Rg8+ 36.Kh2 Nf8
37.Bxh5 Bxf4+ 38.Bxf4 Qxh5 39.Rf2 Ng6 40.Bg3 Re8 41.Qf1 Rxe4
42.Bc7 Re6 43.Ng3 Qg5 44.Bxb6 Nh4 45.Bd8 Qe3 46.Bxf6+ Rxf6 47.Rxf6
Nf3+ 48.Rxf3 Bxf3 49.Nf5 Qf4+ 50.Ng3 Qe3 51.Nf5 Qf4+ 52.Ng3 1/2-1/2

[Event "Mästar Elit"]
[Site "Göteborg"]
[Date "2004.07.20"]
[Round "10"]
[White "Hultin, Johan"]
[Black "Edlund, Robin"]
[Result "1/2-1/2"]
[WhiteElo "2295"]
[BlackElo "2237"]
[Annotator ""]

1.d4 f5 2.Nc3 Nf6 3.Bg5 d5 4.e3 e6 5.Bd3 c5 6.Nf3 Be7 7.O-O O-O
8.dxc5 Ne4 9.Bxe7 Qxe7 10.Bxe4 fxe4 11.Ne5 Qg5 12.f4 exf3 13.Nxf3
Qxe3+ 14.Kh1 Nc6 15.Qd3 Qxd3 16.cxd3 b6 17.cxb6 axb6 18.a3 Ba6
19.Rad1 d4 20.Ne4 h6 21.Kg1 Rfd8 22.Kf2 Rd5 23.Ke2 Rf8 24.Rc1
Ne5 25.Nxe5 Rxf1 26.Rxf1 Rxe5 27.Rf4 Bb7 28.h4 g6 29.Kd2 Kg7
30.g3 Bxe4 31.Rxe4 Rxe4 32.dxe4 e5 33.a4 Kf6 34.b4 Ke6 35.Kd3
Kd6 36.g4 Kc7 37.Kd2 Kc6 38.Kd3 Kd6 39.Kd2 Kc6 40.Kd3 1/2-1/2

[Event "Mästar Elit"]
[Site "Göteborg"]
[Date "2004.07.20"]
[Round "10"]
[White "Nygren, Kim"]
[Black "Palmblad, Jan Peter"]
[Result "1-0"]
[WhiteElo "2249"]
[BlackElo "2160"]
[Annotator ""]

1.Nc3 c5 2.h4 Nf6 3.e4 Nc6 4.Bb5 a6 5.Bxc6 dxc6 6.d3 e5 7.f4
exf4 8.Bxf4 Be7 9.Qd2 Nh5 10.g3 Nxf4 11.Qxf4 Be6 12.Nf3 h6 13.O-O-O
b5 14.d4 cxd4 15.Nxd4 Qc8 16.Nf5 Bxf5 17.exf5 h5 18.Rhe1 Ra7
19.f6 gxf6 20.Qxf6 Rg8 21.Rd6 Kf8 22.Qh6+ Rg7 23.Rxc6 Rc7 24.Rxc7
Qxc7 25.Qxa6 Rxg3 26.Qh6+ Rg7 27.Rg1 Bg5+ 28.hxg5 Qf4+ 29.Kb1
Qe3 30.Qd6+ Kg8 31.Qd8+ Kh7 32.Rf1 Qxg5 33.Qxg5 Rxg5 34.Rxf7+
Kg6 35.Rf1 h4 36.Ne4 Rg4 37.Nf2 Rf4 38.Rg1+ Kf5 39.Nh1 Rf3 40.a3
Kf4 41.Kc1 h3 42.Kd2 h2 43.Rg2 Rh3 44.Re2 Rh5 45.b3 Kf3 46.Rf2+
Ke4 47.Kc3 Ke3 48.Kb4 Ke4 49.c4 bxc4 50.Kxc4 1-0

[Event "Mästar Elit"]
[Site "Göteborg"]
[Date "2004.07.20"]
[Round "10"]
[White "Rylander, Dennis"]
[Black "Malmstig, Erik"]
[Result "1-0"]
[WhiteElo "2325"]
[BlackElo "2250"]
[Annotator ""]

1.d4 Nf6 2.c4 c5 3.d5 b5 4.cxb5 a6 5.bxa6 g6 6.Nc3 Bxa6 7.g3
d6 8.Bg2 Bg7 9.Nf3 Nbd7 10.O-O Nb6 11.Re1 O-O 12.e4 Nfd7 13.Qc2
Nc4 14.Rd1 Qa5 15.Bf1 Na3 16.bxa3 Qxc3 17.Qxc3 Bxc3 18.Rb1 Bxf1
19.Kxf1 Nf6 20.Rd3 Nxe4 21.Ng5 Nxg5 22.Bxg5 Bf6 23.Bxf6 exf6
24.Rb6 Rfd8 25.Ke2 g5 26.Rdb3 Kg7 27.Kd3 Ra4 28.Kc2 f5 29.Re3
Kf6 30.Kb3 Rd4 31.a4 Rxd5 32.a5 Rd2 33.a6 f4 34.gxf4 gxf4 35.Re4
Kf5 36.Re7 d5 37.a7 c4+ 38.Ka3 Rd3+ 39.Ka4 Rd2 40.a3 Ra8 41.Rxf7+
Ke4 42.Rb8 Rxa7+ 43.Rxa7 c3 44.Rc8 d4 45.Rd7 Kf3 46.Kb3 Kxf2
47.a4 f3 48.a5 Ke2 49.Re7+ Kd1 50.Rf7 f2 51.a6 Rb2+ 52.Ka3 Rb6
53.a7 Ra6+ 54.Kb3 c2 55.Rxc2 Rb6+ 56.Kc4 Rc6+ 57.Kxd4 Rxc2 58.a8Q
Rd2+ 59.Kc3 Re2 1-0

[Event "Mästar Elit"]
[Site "Göteborg"]
[Date "2004.07.20"]
[Round "10"]
[White "Tikkanen, Hans"]
[Black "Ask, Josef"]
[Result "1-0"]
[WhiteElo "2354"]
[BlackElo "2183"]
[Annotator ""]

1.d4 e6 2.c4 f5 3.g3 Nf6 4.Bg2 Be7 5.Nf3 O-O 6.O-O a5 7.Nc3 d6
8.b3 Ne4 9.Bb2 Nxc3 10.Bxc3 Qe8 11.Qd3 Qh5 12.e4 f4 13.e5 Nd7
14.Qe4 Nb6 15.exd6 cxd6 16.Bd2 g5 17.gxf4 g4 18.Ng5 Rf6 19.Qe3
Rh6 20.Qg3 Rg6 21.Rae1 h6 22.Ne4 Bd7 23.Qc3 Bc6 24.Ng3 Qh4 25.d5
Bd7 26.dxe6 Rxe6 27.Rxe6 Bxe6 28.Qe3 1-0